Some fundamental problems of policy formation and organization in the commercial field (Record no. 367348)

000 -LEADER
fixed length control field 00366cam a22001217a 4500
008 - FIXED-LENGTH DATA ELEMENTS--GENERAL INFORMATION
fixed length control field 180718b1957 xxu||||| |||| 00| 0 eng d
082 ## - DEWEY DECIMAL CLASSIFICATION NUMBER
Classification number T300 H115
100 ## - MAIN ENTRY--PERSONAL NAME
Personal name Haccou, J.F.
245 ## - TITLE STATEMENT
Title Some fundamental problems of policy formation and organization in the commercial field
Statement of responsibility, etc. by J.F. Haccou
260 ## - PUBLICATION, DISTRIBUTION, ETC.
Place of publication, distribution, etc. Leiden
Name of publisher, distributor, etc. Kroese
Date of publication, distribution, etc. 1957
300 ## - PHYSICAL DESCRIPTION
Extent 53p.
650 ## - SUBJECT ADDED ENTRY--TOPICAL TERM
Topical term or geographic name entry element Commerce
Holdings
Withdrawn status Lost status Damaged status Not for loan Permanent Location Current Location Date acquired Full call number Barcode Date last seen Price effective from Koha item type
        Indian Institute of Public Administration Indian Institute of Public Administration 1994-05-12 T300 H115 21894 2018-07-21 2018-07-21 Book

Powered by Koha